02149cam a22002534a 4500001001000000005001700010008004100027010001500068016002000083020001800103035002300121040004700144042000800191050002300199245009600222250001200318260006100330300004900391500133500440504005101775521001201826650003201838700002501870MEB02739620140930160257.0060802s2007 maua b 001 0 eng  a20060252127 a1012839642DNLM a9780763799939 a(OCoLC)ocm70829750 aDNLM/DLCcDLCdNLMdBAKERdC#PdYDXCPdDLC apcc aRD 137b.N938 2013 0aNursing care of the pediatric surgical patient /ceditors, Nancy Tkacz Browne ... [et al.]. a3rd ed. aSudbury, Mass. :bJones and Bartlett Publishers,cc2013. axxiii, 549 pages. :billustrations ;c29 cm. aPerioperative preparation of the child and family -- Fluid and electrolyte management of the pediatric surgical patient -- Nutrition in the pediatric surgical patient -- Vascular Access -- Care of children with acute pain : operative, procedural, and traumatic -- Caring of the child with technology needs in the home -- Care and management of patients with tubes and drains -- Care of the Child with an Ostomy -- Wound management in neonates, children, and adolescents -- Bowel management -- Special considerations for the surgical neonate -- Common cysts -- Esophageal defects -- Acquired conditions and congenital lesions of the lung and thoracic space -- Abdominal wall defects -- Necrotizing Enterocolitis -- Intestinal atresias, duplications, and meconium ileus -- Malrotation and volvulus -- Hirschsprung's disease -- Anorectal Malformations in children -- Hypertrophic Pyloric Stenosis -- Common outpatient pediatric surgical procedures : inguinal and umbilical hernias, hydroceles, undescended testes, and circumcision -- Gastroesophageal reflux disease : diagnosis and management -- Intussusception -- Appendicitis -- Splenectomy and cholecystectomy -- Biliary atresia and choledochal cyst -- Solid tumors -- Pediatric abdominal organ transplants -- An adolecent bariatric weight management program -- Pediatric trauma. aIncludes bibliographical references and index. aNursing 0aChildrenxSurgeryxNursing.1 aBrowne, Nancy Tkacz.